000 00629nam a2200205Ii 4500
001 12120
003 CO-ViMGA
008 241108s9999||||xx |||||||||||||| ||und||
040 _aCO-ViMGA
_bspa
_erda
_cCO-ViMGA
041 0 _aunk
082 0 4 _a759.9861 B212
110 1 _aBanco de la República,
_944153
245 1 0 _aDébora Arango:
_bExposición retrospectiva
264 1 _a[Lugar de publicación no identificado] : Editoláser, 1996
300 _avolumen
336 _atext
_btxt
_2rdacontent
337 _aunmediated
_bn
_2rdamedia
338 _avolume
_bnc
_2rdacarrier
940 _aidficha_siabuc: 11830. -- ficha_no_siabuc:12120
999 _c56598
_d56598